Transnational Law in a Changing Society (Record no. 1175753)

MARC details
000 -LEADER
fixed length control field 00862nam a2200289Ia 4500
003 - CONTROL NUMBER IDENTIFIER
control field OSt
005 - DATE AND TIME OF LATEST TRANSACTION
control field 20221007101307.0
008 - FIXED-LENGTH DATA ELEMENTS--GENERAL INFORMATION
fixed length control field 221006b |||||||| |||| 00| 0 eng d
020 ## - INTERNATIONAL STANDARD BOOK NUMBER
International Standard Book Number 0231036191
037 ## - SOURCE OF ACQUISITION
Terms of availability Textual
040 ## - CATALOGING SOURCE
Original cataloging agency LCO
Transcribing agency LCO
Language of cataloging eng
041 ## - LANGUAGE CODE
Source of code eng
Language code of text/sound track or separate title eng
100 ## - MAIN ENTRY--PERSONAL NAME
Personal name Friedmann Wolfgang Ed.
9 (RLIN) 346487
245 #0 - TITLE STATEMENT
Title Transnational Law in a Changing Society
260 ## - PUBLICATION, DISTRIBUTION, ETC.
Place of publication, distribution, etc. New
Name of publisher, distributor, etc. York Calombia University Press U.S.A.
Date of publication, distribution, etc. 1972
300 ## - PHYSICAL DESCRIPTION
Extent 324
500 ## - GENERAL NOTE
General note Essays In Honor of Philip C. Jessup
650 ## - SUBJECT ADDED ENTRY--TOPICAL TERM
Topical term or geographic name entry element CHANGING SOCIETY
700 ## - ADDED ENTRY--PERSONAL NAME
Personal name Henkin Louis Ed.
9 (RLIN) 702825
700 ## - ADDED ENTRY--PERSONAL NAME
Personal name Lissitzyn Oliver Ed.
9 (RLIN) 702826
942 ## - ADDED ENTRY ELEMENTS (KOHA)
Classification part YobZ, L2
Koha item type Textual
Holdings
Withdrawn status Lost status Damaged status Not for loan Home library Current library Date acquired Total Checkouts Full call number Barcode Date last seen Price effective from Koha item type
        Law Centre-I Library Law Centre-I Library 2022-10-07   YobZ L2 LO0005481 2022-10-07 2022-10-07 Textual
Copyright @ Delhi University Library System